Oregon Rivers - Map Quiz - Statistics

General Stats
  • This quiz has been taken 3,966 times
  • The average score is 7 of 10
Answers on the Map
Answers color-coded by a green-red scale on the quiz's map according to % correct below.
 
Answer Stats
Answer % Correct
Columbia River
88%
Snake River
81%
Willamette River
79%
Clackamas River
69%
Deschutes River
66%
John Day River
66%
Umpqua River
64%
Malheur River
57%
Nehalem River
51%
Crooked River
48%
No matching quizzes found
Score Distribution
Percent of People with Each Score
Percentile by Number Answered
Your Score History
You have not taken this quiz